Effective Teaching Strategies (Record no. 343847)
[ view plain ]
| 000 -LEADER | |
|---|---|
| fixed length control field | 00420 a2200157 4500 |
| 020 ## - INTERNATIONAL STANDARD BOOK NUMBER | |
| International Standard Book Number | 101876633670 |
| 024 ## - OTHER STANDARD IDENTIFIER | |
| Standard number or code | 9781876633677 |
| 082 ## - DEWEY DECIMAL CLASSIFICATION NUMBER | |
| Classification number | 371.102 |
| 090 ## - LOCALLY ASSIGNED LC-TYPE CALL NUMBER (OCLC); LOCAL CALL NUMBER (RLIN) | |
| -- | 1325 |
| -- | 1325 |
| 100 ## - MAIN ENTRY--PERSONAL NAME | |
| Personal name | Killen, Roy |
| 245 ## - TITLE STATEMENT | |
| Title | Effective Teaching Strategies |
| Remainder of title | Lessons form Research and Practice |
| Statement of responsibility, etc. | Roy Killen |
| 250 ## - EDITION STATEMENT | |
| Edition statement | 3rd |
| 260 ## - PUBLICATION, DISTRIBUTION, ETC. | |
| Place of publication, distribution, etc. | Australia |
| Name of publisher, distributor, etc. | Ligare Book Pringers |
| Date of publication, distribution, etc. | 2003 |
| 300 ## - PHYSICAL DESCRIPTION | |
| Extent | 296 |
| 942 ## - ADDED ENTRY ELEMENTS (KOHA) | |
| Institution code [OBSOLETE] | NBS |
| Koha item type | Book |
| Call number prefix | 371.102 KIL |
| Withdrawn status | Lost status | Damaged status | Not for loan | Permanent Location | Current Location | Date acquired | Total Checkouts | Full call number | Barcode | Date last seen | Date last checked out | Price effective from | Koha item type |
|---|---|---|---|---|---|---|---|---|---|---|---|---|---|
| Central Library (CL) | Central Library (CL) | 08/28/2013 | 1 | 371.102 KIL | NBSP-297 | 08/06/2024 | 08/22/2017 | 08/28/2013 | Book |
